000 00485nam a22001817a 4500
003 OSt
005 20221109200935.0
008 221006b |||||||| |||| 00| 0 eng d
020 _a978-9978-328-10-1
040 _cBiblioteca Lado V
082 _a708
_bC235r
100 _9346
_aCanziani, Cecilia
_eeditora
245 _aReaparecidos/
260 _aEspaƱa
300 _a131p.
_c21x15cm
700 _aHonore, Vincent
_eeditor
942 _2ddc
_c1
_h708
_iC235r
_n0
999 _c2536
_d2536